000 00270nam a22001217a 4500
008 180829b xxu||||| |||| 00| 0 eng d
041 _aeng
080 _a710
100 _a45
101 _aART
245 _aWhat makes a Degas a Degas?
_cMuhlberger, R
942 _2udc
_cBK
999 _c47388
_d47388